Music Quiz

Random Music or Artist Quiz

Magnificent Music Murals (Men) Quiz Stats

 Plays Quiz Updated Jan 17, 2019

Challenge
Share
Tweet
Score 0/24 Timer 08:00
1 Play Today
% Correct
Michael Jackson
98.9%
David Bowie
96.8%
Prince
96%
Bob Marley
95.8%
Jimi Hendrix
92.7%
U2
92.6%
The Beatles
90.2%
Elvis Presley
89%
Kurt Cobain
83%
Bob Dylan
82.7%
Louis Armstrong
81.6%
Willie Nelson
79.5%
% Correct
Carlos Santana
79.1%
Tupac Shakur
77.7%
Jim Morrison
77.6%
Buddy Holly
71.2%
James Brown
65.3%
Marvin Gaye
60.5%
Lou Reed
58.8%
Ramones
58.8%
Bruce Springsteen
53.4%
Frank Sinatra
51.8%
Jam Master Jay
47.6%
Johnny Cash
44.7%

You're not logged in!

Compare scores with friends on all Sporcle quizzes.
OR
Log In

You Might Also Like...

Show Comments

Extras

Top Quizzes Today


Score Distribution

Your Account Isn't Verified!

In order to create a playlist on Sporcle, you need to verify the email address you used during registration. Go to your Sporcle Settings to finish the process.

Report this User

Report this user for behavior that violates our Community Guidelines.

Details: